000 00721nam a2200289Ia 4500
005 20260324113220.0
008 008 260324s9999 xx 000 0 eng d
020 _a9781003290407
037 _aEBOOK
040 _aCRL
040 _beng
040 _cCRL
041 _2eng
041 _aeng
084 _qCRL
100 _aElizabeth Phillips; Férdia J. Stone-Davis
_91145880
245 0 _aCatholic Social Thought and Prison Ministry
245 0 _bResourcing Theory and Practice
260 _bTaylor and Francis
260 _c2024
365 _a
365 _b230
856 _uhttp://www.taylorfrancis.com/books/9781003290407
942 _cEBOOK
999 _c1735414
_d1735414